Aufstieg und fall der intellektuellen in Europa

Αποθηκεύτηκε σε:
Λεπτομέρειες βιβλιογραφικής εγγραφής
Κύριος συγγραφέας: Lepenies, Wolf
Μορφή: Βιβλίο
Γλώσσα:German
Δημοσίευση: Paris : Frankfurt : Maison des Sciences de l' homme ; Campus Verlag, 1992.
Σειρά:Edition Pandora ; 1
Θέματα:
Ετικέτες: Προσθήκη ετικέτας
Δεν υπάρχουν, Καταχωρήστε ετικέτα πρώτοι!

MARC

LEADER 00000cam a2200000 i 4500
001 1/1124
008 950707s1992 fr | ||| |||| ||ger||
020 |a 3593347873 
035 |l 10014324 
040 |a GR-MyUa  |b gre  |e AACR2 
041 0 |a ger 
082 7 |a 305.552   |2 (22) 
100 1 |a Lepenies, Wolf. 
245 1 0 |a Aufstieg und fall der intellektuellen in Europa /   |c Wolf Lepenies. 
260 |a Paris :   |b Maison des Sciences de l' homme ;   |a Frankfurt :  |b Campus Verlag,   |c 1992. 
300 |a 95 σ. ;   |c 21 εκ. 
490 1 |a (Edition Pandora ;   |v 1) 
650 0 0 |a Intellectuals  |z Europe. 
650 0 0 |a Intellectuals  |x Political activity. 
651 0 |a Europe  |x Intellectual life. 
830 0 |a Edition Pandora ;  |v 1 
852 |a INST  |b LESVOS  |e 19950707  |h 305.552 LEP  |p 005100007896  |q 005100007896  |t BK  |y 0 
922 |a 1ΕΛΗ  |b 199307  |c ΠΠ/3143/10  |d LEADER 
970 |z 2000/08/ELIDOC